| 000 | 00464nam a22001937a 4500 | ||
|---|---|---|---|
| 003 | OSt | ||
| 008 | 240411b |||||||| |||| 00| 0 eng d | ||
| 020 | _a9789389423365 | ||
| 082 | _a004.678 LAI | ||
| 100 | _aLAKHWANI,Kamlesh. | ||
| 245 | _aIOT(Internet of Things) | ||
| 250 | _a1st Ed | ||
| 260 |
_aNew Delhi _bBPB _c2020 |
||
| 300 | _a245 | ||
| 700 | _aHIRAN,Kamal Kant | ||
| 700 | _aGIANEY,Hemant Kumar | ||
| 700 | _aWUREKO,Joseph Kofi | ||
| 942 |
_2ddc _cBK |
||
| 999 |
_c12454 _d12454 |
||